| 000 | 00388nam a2200145Ia 4500 | ||
|---|---|---|---|
| 008 | 230519s9999 xx 000 0 und d | ||
| 020 | _a978-93-5152-407-6 | ||
| 041 | _aeng | ||
| 082 | _aMS/610.7361/BAS/DB0344 | ||
| 100 | _aBasavanthappa BT | ||
| 245 | _aMedical Surgical Nursing : Volume 1 | ||
| 260 |
_bJaypee Brothers _aNew Delhi _c2015 |
||
| 300 | _a772 | ||
| 999 |
_c159160 _d159160 |
||